00724nam a2200217Ia 4500003000900000008004100009020001800050040001600068080002100084245011700105260004000222300001000262490005100272650004100323650002700364650002700391700002200418700002200440700002500462700001900487IN-BaIIA211028s9999 xx 000 0 eng d a81-7041-762-7 cIIA Library a[8]:01:00bWOR-1 0aWorld great physicistsbvol. 1cedited by G. R. Chhatwal…[et.al.]  aNew DelhibAnmol Publicationsc1993 a376p. aEncyclopaedia of world great scientists series aAstronomy and astrophysics thesaurus aBiography - Physicists aPhysicists - Biography aAnand, S. C., ed. aArora, S. K., ed. aChhatwal, G. R., ed. aRaj Kumar, ed.